Beezus and Ramona / (Record no. 177)

MARC details
000 -LEADER
fixed length control field 00575nam a22001817a 4500
005 - DATE AND TIME OF LATEST TRANSACTION
control field 20230520025925.0
008 - FIXED-LENGTH DATA ELEMENTS--GENERAL INFORMATION
fixed length control field 221110b |||||||| |||| 00| 0 eng d
020 ## - INTERNATIONAL STANDARD BOOK NUMBER
International Standard Book Number 978-0-380-70918-2
082 ## - DEWEY DECIMAL CLASSIFICATION NUMBER
Classification number Fic. C623 1955
100 ## - MAIN ENTRY--PERSONAL NAME
Personal name Clearly, Beverly
Relator term author
245 ## - TITLE STATEMENT
Title Beezus and Ramona /
Statement of responsibility, etc. Beverly Clearly; illustrated by Jacqueline Rogers
260 ## - PUBLICATION, DISTRIBUTION, ETC.
Place of publication, distribution, etc. New York:
Name of publisher, distributor, etc. Harper Collins Publishers,
Date of publication, distribution, etc. c1955.
300 ## - PHYSICAL DESCRIPTION
Extent [198]p.;
Other physical details ill.
541 ## - IMMEDIATE SOURCE OF ACQUISITION NOTE
Accession number 5173 c.1, 5515 c.2
650 ## - SUBJECT ADDED ENTRY--TOPICAL TERM
Topical term or geographic name entry element Sisters - Fiction
650 ## - SUBJECT ADDED ENTRY--TOPICAL TERM
Topical term or geographic name entry element Family - Fiction
700 ## - ADDED ENTRY--PERSONAL NAME
Personal name Rogers, Jacqueline
Relator term illustrator
Holdings
Withdrawn status Lost status Source of classification or shelving scheme Damaged status Not for loan Home library Current library Date acquired Total Checkouts Full call number Barcode Date last seen Copy number Price effective from Koha item type
    Dewey Decimal Classification     ctu-moalboal ctu-moalboal 06/19/2017   Fic. C623 1955 5173 11/10/2022 1 11/10/2022 Books-Fiction
    Dewey Decimal Classification     ctu-moalboal ctu-moalboal 12/03/2019   Fic. C623 1955 5515 11/10/2022 2 11/10/2022 Books-Fiction